000
00229nam a2200097Ia 4500
008
230907s9999||||xx |||||||||||||| ||und||
082
_a
320.951
_b
CHI
245
0
_a
China's political system /
300
_a
542 pages :
942
_c
BK
999
_c
600414
_d
600414